LIBRARY & INFORMATION CENTRE, KCAET, TAVANUR

ONLINE PUBLIC ACCESS CATALOGUE (OPAC)

Odyssey of Homer / (Record no. 658)

MARC details
000 -LEADER
fixed length control field 00388cam a2200157ua 4500
041 ## - LANGUAGE CODE
Language code of text/sound track or separate title eng
082 ## - DEWEY DECIMAL CLASSIFICATION NUMBER
Classification number 821
Item number BUT/OD
100 ## - MAIN ENTRY--AUTHOR NAME
Personal name Butcher, S.H .
245 00 - TITLE STATEMENT
Title Odyssey of Homer /
260 ## - PUBLICATION, DISTRIBUTION, ETC. (IMPRINT)
Place of publication London :
Name of publisher MacMillan and Company Limited ,
Year of publication 1956.
300 ## - PHYSICAL DESCRIPTION
Number of Pages 429 ; .
700 1# - ADDED ENTRY--PERSONAL NAME
Personal name Lang, Andrew .
942 ## - ADDED ENTRY ELEMENTS (KOHA)
Koha item type Books
Holdings
Withdrawn status Lost status Damaged status Home library Current library Date acquired Full call number Accession Number Koha item type
Withdrawn     KAUAET Malayalam University 07/04/2012 821 4185 Books
free website counter